01137 a2200229 45000010006000000050017000060080041000230030015000640400040000790800058001192450035001770200022002122640034002343000019002685050318002870410008006051000028006137000087006417000031007287000032007598560116007911614220260407155457.0260407a2008 arg spa dAR-UNSa-BCEJYS aAR-UNSa-BCEJYSbspacAR-UNSa-BCEJYS a657(083)xResoluciones Técnicas Contables. Informes10aResoluciones técnicas 4 a 24 a978-987-01-0826-9 1aBuenos Aires :bErreparc2008 a365 p.c28 cm. aResoluciones e interpretaciones de la FACPCE. -- Marco conceptual contable para la Administración Pública [recomendación técnica (FACPCE) 1/2008]. -- Entes pequeños. Aplicación RT 17 y 18. Normas opcionales transitorias [R. (FACPCE) 360/2007]. -- Adopción RT 24 [R. CD (CPCE Bs. As. cdad.) 34/2008]  aspa1 aParada, Ricardo Antonio1 aFederación Argentina de Consejos Profesionales de Ciencias Económicas (FACPCE)1 aErrecaborde, José Daniel1 aCañada, Francisco Roberto41uhttps://biblioeco.unsa.edu.ar/pmb/images/libros/Resoluciones T?cnicas 4 a 24.jpgyImagen de portadaqimage/jpeg